000 00453nam a22001337a 4500
020 _a019547077X
082 _a150
100 _aGillian Butler et al
245 _aPsychology a very short introduction
260 _aNew York
_bOxford university press
_c2000.
300 _a161p
942 _cBK
999 _c2870
_d2870